00886nam a2200217 i 450000100060000000300090000600500170001500700030003200800410003510000310007624500940010726000390020130000220024049000660026263000650032870000290039383000710042285200320049399900170052595201260054237128ES-MaACL20250901062525.0t|030220s1959 an ||||1| spa d1 aBrunot, Amédée.93220410aSan Pablo y su mensaje / cAmédée Brunot ; [versión española de J. Ruiz Calonja]. aAndorra : bCasal i Vall, c[1959] a159 p. ; c19 cm.1 aYo sé, yo creo : enciclopedia del católico en el siglo XX04aBiblia. pN.T. pEpístolas de Pablo-vComentarios.91446671 aRuiz Calonja, J.910068500aYo sé, yo creo: enciclopedia del católico del siglo XX9186579 aES-MaACLjC-17265 bR.45283 c37128d37128 00104070aATENEOMbATENEOMcGaleríad2008-01-17eSCl0oC-17265p1039062r2023-02-23 00:00:00w2023-02-23yMONOGRAFIA